War posters (Record no. 167569)
[ view plain ]
| 000 -LEADER | |
|---|---|
| fixed length control field | 00611nam a2200229Ia 4500 |
| 003 - CONTROL NUMBER IDENTIFIER | |
| control field | OSt |
| 005 - DATE AND TIME OF LATEST TRANSACTION | |
| control field | 20250722094616.0 |
| 008 - FIXED-LENGTH DATA ELEMENTS--GENERAL INFORMATION | |
| fixed length control field | 210423s2011 xx 000 0 und d |
| 020 ## - INTERNATIONAL STANDARD BOOK NUMBER | |
| International Standard Book Number | 978-500-28896-2 |
| 040 ## - CATALOGING SOURCE | |
| Transcribing agency | AL |
| 041 ## - LANGUAGE CODE | |
| Language code of text/sound track or separate title | English |
| 082 ## - DEWEY DECIMAL CLASSIFICATION NUMBER | |
| Classification number | 070.49 |
| Item number | ALUW |
| 100 ## - MAIN ENTRY--PERSONAL NAME | |
| Personal name | James Aulich |
| 9 (RLIN) | 106623 |
| 245 ## - TITLE STATEMENT | |
| Title | War posters |
| Remainder of title | : weapons of mass communication |
| 260 ## - PUBLICATION, DISTRIBUTION, ETC. | |
| Place of publication, distribution, etc. | London |
| Name of publisher, distributor, etc. | Thames and Hudson |
| Date of publication, distribution, etc. | 2011 |
| 300 ## - PHYSICAL DESCRIPTION | |
| Extent | 256 |
| Other physical details | PB |
| 365 ## - TRADE PRICE | |
| Price amount | 2800 |
| Currency code | INR |
| 650 ## - SUBJECT ADDED ENTRY--TOPICAL TERM | |
| Topical term or geographic name entry element | General |
| 9 (RLIN) | 106624 |
| 650 ## - SUBJECT ADDED ENTRY--TOPICAL TERM | |
| Topical term or geographic name entry element | Journalism |
| 9 (RLIN) | 106625 |
| 906 ## - LOCAL DATA ELEMENT F, LDF (RLIN) | |
| a | communication ; mass ; posters: ; War ; weapons |
| 942 ## - ADDED ENTRY ELEMENTS (KOHA) | |
| Source of classification or shelving scheme | Dewey Decimal Classification |
| Koha item type | Book |
| Withdrawn status | Lost status | Damaged status | Not for loan | Collection code | Home library | Current library | Date acquired | Source of acquisition | Cost, normal purchase price | Total Checkouts | Full call number | Barcode | Date last seen | Date last checked out | Price effective from | Koha item type |
|---|---|---|---|---|---|---|---|---|---|---|---|---|---|---|---|---|
| MAJMC | St Aloysius PG Library | St Aloysius PG Library | 04/04/2016 | Biblios Book Point | 2800.00 | 5 | 070.49 AULW | PG014070 | 08/24/2022 | 06/13/2022 | 04/26/2021 | Book |